Statystyki dla Medaliści Mistrzostw świata w skokach narciarskich z dużej skoczni

Kliknij tutaj aby rozwiązać quiz!

Ogólne statystyki

  • Ten quiz został rozwiązany 26 razy
  • Średni wynik to 36 z 123

Statystyki odpowiedzi

RokMiejscowośćPunkt KMedalOdpowiedź% Poprawnych
2013Predazzo120ZłotyKamil Stoch
100%
BrązowyDawid Kubacki
95%
SrebrnyAdam Małysz
86%
2003Predazzo120ZłotyAdam Małysz
86%
2021Oberstdorf120ZłotyStefan Kraft
86%
2017Lahti116ZłotyStefan Kraft
86%
BrązowyPiotr Żyła
81%
BrązowyJanne Ahonen
76%
2005Oberstdorf120ZłotyJanne Ahonen
76%
SrebrnyPeter Prevc
71%
SrebrnyRyoyu Kobayashi
71%
SrebrnyThomas Morgenstern
71%
2011Oslo120ZłotyGregor Schlierenzauer
67%
SrebrnyGregor Schlierenzauer
67%
2019Seefeld120ZłotyMarkus Eisenbichler
67%
BrązowyNoriaki Kasai
67%
2015Falun120ZłotySeverin Freund
67%
BrązowySimon Ammann
67%
2007Sapporo120ZłotySimon Ammann
67%
SrebrnyAndreas Wellinger
62%
BrązowyKarl Geiger
62%
SrebrnyKarl Geiger
62%
1999Bischofshofen120ZłotyMartin Schmitt
62%
2001Lahti116ZłotyMartin Schmitt
62%
SrebrnyMartin Schmitt
62%
BrązowyRune Velta
62%
2023Planica125ZłotyTimi Zajc
62%
BrązowyJakub Janda
52%
BrązowyMatti Nykanen
52%
1982Oslo105ZłotyMatti Nykanen
52%
BrązowyMatti Nykanen
52%
2009Liberec120ZłotyAndreas Kuttel
48%
BrązowyKillian Peier
48%
SrebrnySven Hannawald
48%
SrebrnyAndreas Goldberger
43%
BrązowyAndreas Goldberger
43%
BrązowyFalko Weissflog
43%
SrebrnyJens Weissflog
43%
BrązowyJens Weissflog
43%
BrązowyJens Weissflog
43%
SrebrnyMatti Hautamaki
43%
BrązowyRoar Ljokelsoy
43%
SrebrnyRoar Ljokelsoy
43%
SrebrnyStanisław Marusarz
43%
BrązowyAnders Jacobsen
38%
BrązowyAnders Jacobsen
38%
1997Trondheim120ZłotyMasahiko Harada
38%
1993Falun115ZłotyEspen Bredesen
33%
SrebrnyHarri Olli
33%
1934Solleftea60ZłotyKristian Johansson
33%
SrebrnyKristian Johansson
33%
SrebrnyRobert Johansson
33%
BrązowyArmin Kogler
29%
1938Lahti65ZłotyAsbjorn Ruud
29%
1937Chamonix60ZlotyBirger Ruud
29%
SrebrnyBirger Ruud
29%
1931Oberhof55ZłotyBirger Ruud
29%
1935Wysokie Tatry55ZłotyBirger Ruud
29%
1929Zakopane60ZłotySigmund Ruud
29%
BrązowySigmund Ruud
29%
1995Thunder Bay120ZłotyTommy Ingebrigtsen
29%
1987Oberstdorf115ZłotyAndreas Felder
24%
BrązowyErnst Vettori
24%
SrebrnyDieter Thoma
19%
BrązowyHideharu Miyahira
19%
SrebrnyVegard Opaas
19%
1966Oslo85ZłotyBjorn Wirkola
14%
SrebrnyJaroslav Sakala
14%
SrebrnyJiri Raska
14%
1939Zakopane75ZłotyJosef Bradl
14%
BrązowySylvain Freiholz
14%
1974Falun100ZłotyHans-Georg Aschenbach
10%
BrązowyHelmut Recknagel
10%
1962Zakopane90ZłotyHelmut Recknagel
10%
SrebrnyJari Puikkonen
10%
1989Lahti114ZłotyJari Puikkonen
10%
SrebrnyOlav Hansson
10%
1985Seefeld109ZłotyPer Bergerud
10%
1925Jańskie Łaźnie45ZłotyWillen Dick
10%
SrebrnyWillen Dick
10%
BrązowyAlf Andersen
5%
SrebrnyAlois Lipburger
5%
1991Predazzo115ZłotyFranci Petek
5%
1970Wysokie Tatry100ZłotyGarij Napałkow
5%
1930Oslo50ZłotyGunnar Andersen
5%
1950Lake Placid80ZłotyHans Bjornstad
5%
1926Lahti40ZłotyJacob Tullin Thams
5%
1958Lahti70ZłotyJuhani Karkinen
5%
1933Innsbruck70ZłotyMarcel Reymond
5%
1954Falun80ZłotyMatti Pietikainen
5%
SrebrnyReidar Andersen
5%
SrebrnyReidar Andersen
5%
SrebrnyReidar Andersen
5%
SrebrnyRune Olijnyk
5%
BrązowyStanisław Gąsienica-Daniel
5%
BrązowySven Eriksson
5%
BrązowySven Eriksson
5%
BrązowySven Eriksson
5%
1978Lahti110ZłotyTapio Raisanen
5%
SrebrnyArne Hovde
0%
BrązowyArnfinn Bergmann
0%
BrązowyArnholdt Kongsgard
0%
BrązowyBertil Carlsson
0%
BrązowyBror Ostman
0%
SrebrnyEnsio Hyytia
0%
BrązowyFrantisek Wende
0%
SrebrnyFritz Kaufmann
0%
BrązowyGeorg Osterholt
0%
BrązowyHans Kleppen
0%
SrebrnyHeinz Wosipiwo
0%
SrebrnyHenry Ljungmann
0%
BrązowyHilmar Myhra
0%
BrązowyKjell Sjoberg
0%
SrebrnyNikołaj Kamienski
0%
BrązowyNillo Halonen
0%
SrebrnyOtto Aasen
0%
SrebrnyRudolf Burkert
0%
BrązowyRudolf Hohnl
0%
BrązowySigurd Sollid
0%
SrebrnyTakashi Fujisawa
0%
SrebrnyThure Lindgren
0%
1927Cortina d'Ampezzo50ZłotyTore Edman
0%
SrebrnyVeikko Heinonen
0%

Rozkład punktacji

Percentyl według liczby udzielonych odpowiedzi

Procent ludzi z każdym wynikiem

Twoja historia wyników

Nie rozwiązałeś tego quizu